| 000 | 00431cam a2200181ua 4500 | ||
|---|---|---|---|
| 020 | _c4.00 | ||
| 041 |
_ahin _h |
||
| 082 |
_a891.54 _bSUM/SH |
||
| 100 | _aSumithrananth, Panth . | ||
| 245 |
_aShilpy / _cSumitrananth Panth. _hTextual Documents |
||
| 260 |
_aDelhi : _bRajkamal Prakashan , _c1940. |
||
| 300 | _a111 ; . | ||
| 365 | _a4.00 | ||
| 504 | _a | ||
| 942 | _cBK | ||
| 999 |
_c11866 _d11866 |
||